La demanda de Dinero (Registro nro. 4359)

Detalles MARC
000 -LEADER
fixed length control field 01446 a2200277 4500
001 - CONTROL NUMBER
control field 47420
005 - DATE AND TIME OF LATEST TRANSACTION
control field 20260407155741.0
008 - FIXED-LENGTH DATA ELEMENTS--GENERAL INFORMATION
fixed length control field 260407a1980 arg spa d
003 - CONTROL NUMBER IDENTIFIER
control field AR-UNSa-BCEJYS
040 ## - CATALOGING SOURCE
Original cataloging agency AR-UNSa-BCEJYS
Language of cataloging spa
Transcribing agency AR-UNSa-BCEJYS
080 ## - UNIVERSAL DECIMAL CLASSIFICATION NUMBER
Universal Decimal Classification number 336.74
Common auxiliary subdivision Moneda. Sistema monetario
020 ## - INTERNATIONAL STANDARD BOOK NUMBER
International Standard Book Number 84-7162-816-3
041 ## - LANGUAGE CODE
Language code of text/sound track or separate title spa
100 1# - MAIN ENTRY--PERSONAL NAME
Personal name Laidler, David E.W.
245 10 - TITLE STATEMENT
Title La demanda de Dinero
Name of part/section of a work teorías y evidencia empírica
250 ## - EDITION STATEMENT
Edition statement 2a. ed.
264 #1 - PRODUCTION, PUBLICATION, DISTRIBUTION, MANUFACTURE, AND COPYRIGHT NOTICE
Place of production, publication, distribution, manufacture Barcelona :
Name of producer, publisher, distributor, manufacturer Antoni Bosch
Date of production, publication, distribution, manufacture, or copyright notice 1980
300 ## - PHYSICAL DESCRIPTION
Extent 192 p.
Dimensions 22 cm.
505 ## - FORMATTED CONTENTS NOTE
Formatted contents note Parte I : LA DEMANDA DE DINERO EN UN MARCO MICROECONÓMICO : 1. Un modelo macroeconómico sencillo - 2. Efectos de formulaciones alternativas de la función de demanda de dinero -- Parte II : TEORÍA DE LA DEMANDA DE DINERO : 3. Breve visión general - 4. Los clásicos, Keynes y la teoría cuantitativa moderna - 5. Aportaciones recientes al enfoque keynesiano de la teoría de la demanda -- Parte III : LA EVIDENCIA EMPÍRICA : 6. Los problemas del análisis empírico : Los datos y el problema de la identificación - 7. Evidencia empírica acerca de la demanda de dinero - 8. Conclusiones provisionales.
590 ## - LOCAL NOTE (RLIN)
Local note niveau_biblio:m niveau_hierar:0
700 1# - ADDED ENTRY--PERSONAL NAME
Personal name Aguiló, Eugeni
700 1# - ADDED ENTRY--PERSONAL NAME
Personal name Blanchar, Elena
700 1# - ADDED ENTRY--PERSONAL NAME
Personal name Fina Sanglás, Lluis
856 41 - ELECTRONIC LOCATION AND ACCESS
Uniform Resource Identifier <a href="https://www.biblioeco.unsa.edu.ar/pmb/images/libros/L127502.jpg">https://www.biblioeco.unsa.edu.ar/pmb/images/libros/L127502.jpg</a>
Link text Imagen de portada
Electronic format type image/jpeg
942 ## - ADDED ENTRY ELEMENTS (KOHA)
Koha item type
Existencias
Withdrawn status Lost status Damaged status Not for loan Home library Current library Shelving location Date acquired Total checkouts Full call number Barcode Date last seen Price effective from Koha item type
        Biblioteca Prof. Eusebio Cleto del Rey Biblioteca Prof. Eusebio Cleto del Rey   07/04/2026   336.74 L185 2ed. L127502 07/04/2026 07/04/2026 Libro
        Biblioteca Prof. Eusebio Cleto del Rey Biblioteca Prof. Eusebio Cleto del Rey   07/04/2026   336.74 L185 2ed. L39345 07/04/2026 07/04/2026 Libro
        Biblioteca Prof. Eusebio Cleto del Rey Biblioteca Prof. Eusebio Cleto del Rey   07/04/2026   336.74 L185 2ed. L39344 07/04/2026 07/04/2026 Libro